LIBRARY & INFORMATION CENTRE, KCAET, TAVANUR

ONLINE PUBLIC ACCESS CATALOGUE (OPAC)

Edicts of Asoka / (Record no. 3344)

MARC details
000 -LEADER
fixed length control field 00322cam a2200145ua 4500
041 ## - LANGUAGE CODE
Language code of text/sound track or separate title eng
082 ## - DEWEY DECIMAL CLASSIFICATION NUMBER
Classification number 954.01
Item number NIK/ED
100 ## - MAIN ENTRY--AUTHOR NAME
Personal name Nikam, N A .
245 ## - TITLE STATEMENT
Title Edicts of Asoka /
300 ## - PHYSICAL DESCRIPTION
Number of Pages 65 ; .
700 1# - ADDED ENTRY--PERSONAL NAME
Personal name Mckeon , Chand .
942 ## - ADDED ENTRY ELEMENTS (KOHA)
Koha item type Books
Holdings
Withdrawn status Lost status Damaged status Home library Current library Date acquired Full call number Accession Number Koha item type
Withdrawn   Damaged KAUAET KAUAET 07/04/2012 954.01 10350 Books
free website counter